| 000 | 00777nam a2200229 a 4500 | ||
|---|---|---|---|
| 001 | 000044367 | ||
| 005 | 20240409073825.0 | ||
| 008 | 101014s200u dr a 000 j spa d | ||
| 020 | _z945426443 | ||
| 040 |
_aDO-SdBNP _bspa _cBNPHU |
||
| 082 |
_aRD863.44 _bC712m |
||
| 100 | 1 |
_aCollins de Colado, Mary _951947 |
|
| 245 | 1 | 3 |
_aLa misteriosa islita del jardÃn / _cMary Collins de Colado. |
| 260 |
_aSanto Domingo : _bEdiciones SM, _c[200-?]. |
||
| 300 |
_a63 p. ; _c19 cm. |
||
| 490 | 1 |
_aEl barco de vapor _v1 |
|
| 500 | _aIncluye datos biográficos de la autora en la contracubierta | ||
| 650 | 0 |
_aCuentos infantiles dominicanos _9505 |
|
| 650 | 4 |
_aLiteratura infantil dominicana _9441 |
|
| 830 | 0 |
_aEl barco de vapor _n1 _972374 |
|
| 910 | _aValidado. Control de calidad MFF | ||
| 999 |
_c43856 _d43856 |
||